000 00260nam a2200109Ia 4500
008 190216s9999||||xx |||||||||||||| ||und||
100 _aDate C J
245 0 _aIntroduction To Database Systems
260 _bNarosa Pubs House
_c1985
300 _a550p
942 _cBK
999 _c8481
_d8481